Small water system treatment costs /

Bibliographic Details
Main Author: Gumerman, Robert C.
Other Authors: Burris, Bruce E., Hansen, Sigurd P.
Format: Book
Language:English
Published: Park Ridge, N.J., U.S.A. : Noyes Data Corp., 1986.
Series:Pollution technology review ; no. 136.
Subjects:

MARC

Tag First Indicator Second Indicator Subfields
LEADER 00000cam a22000008a 4500
001 in00000590821
005 20151014073006.0
008 860703s1986 njua b 00010 eng
010 |a  86017996  
020 |a 0815511019 :  |c $48.00 
035 |a (OCoLC)13904164 
035 |9 ACP3719AM 
039 0 |a 2  |b 3  |c 3  |d 3  |e 3 
040 |a DLC  |c DLC  |d TXA  |d UtOrBLW 
049 |a TXAM  |c [A10047255] 
050 0 0 |a TD433  |b .G86 1986 
082 0 |a 338.4/3628  |2 19 
100 1 |a Gumerman, Robert C. 
245 1 0 |a Small water system treatment costs /  |c by Robert C. Gumerman, Bruce E. Burris, Sigurd P. Hansen. 
263 |a 8610 
264 1 |a Park Ridge, N.J., U.S.A. :  |b Noyes Data Corp.,  |c 1986. 
300 |a xix, 568 pages :  |b illustrations 
336 |a text  |b txt  |2 rdacontent 
337 |a unmediated  |b n  |2 rdamedia 
338 |a volume  |b nc  |2 rdacarrier 
490 1 |a Pollution technology review,  |x 0090-516X ;  |v no. 136 
504 |a Includes bibliographies. 
650 0 |a Water  |x Purification  |v Handbooks, manuals, etc. 
650 0 |a Water  |x Purification  |x Costs  |x Handbooks, manuals, etc. 
700 1 |a Burris, Bruce E. 
700 1 |a Hansen, Sigurd P. 
830 0 |a Pollution technology review ;  |v no. 136. 
999 |a MARS 
999 f f |s 57a30860-7365-3fcb-87de-15d268f0b479  |i 5c063496-d030-3995-a268-f157fe7033c1  |t 0 
952 f f |p ric  |a Texas A&M University  |b Rellis Campus  |c Joint Library Facility  |d Remote Storage  |t 0  |e TD433 .G86 1986  |h Library of Congress classification  |i unmediated -- volume  |m A14810047255 
998 f f |a TD433 .G86 1986  |t 0  |l Remote Storage